| 000 -LEADER |
| fixed length control field |
00549cam a22002171 4500 |
| 001 - CONTROL NUMBER |
| control field |
8795834 |
| 005 - DATE AND TIME OF LATEST TRANSACTION |
| control field |
20180207034747.0 |
| 008 - FIXED-LENGTH DATA ELEMENTS--GENERAL INFORMATION |
| fixed length control field |
740607m19431946paua b 000 0 engd |
| 010 ## - LIBRARY OF CONGRESS CONTROL NUMBER |
| LC control number |
43011536 |
| 035 ## - SYSTEM CONTROL NUMBER |
| System control number |
(OCoLC)910781 |
| 040 ## - CATALOGING SOURCE |
| Original cataloging agency |
DLC |
| Transcribing agency |
OYU |
| Modifying agency |
OCoLC |
| -- |
ICRL |
| -- |
DLC |
| 041 ## - LANGUAGE CODE |
| Language code of text/sound track or separate title |
eng |
| 080 ## - UNIVERSAL DECIMAL CLASSIFICATION NUMBER |
| Universal Decimal Classification number |
616.3 HEN |
| 082 ## - DEWEY DECIMAL CLASSIFICATION NUMBER |
| Classification number |
616.3 HEN |
| 100 1# - Rafti |
| Rafti |
9 |
| 101 ## - Shkurtesa |
| Shkurtesa |
GAS |
| 245 10 - TITLE STATEMENT |
| Title |
Gastro-enterology, |
| Statement of responsibility, etc |
by Henry L. Bockus. |
| 504 ## - BIBLIOGRAPHY, ETC. NOTE |
| Bibliography, etc |
Includes bibliographies. |
| 906 ## - LOCAL DATA ELEMENT F, LDF (RLIN) |
| a |
7 |
| b |
cbc |
| c |
oclcrpl |
| d |
u |
| e |
ncip |
| f |
19 |
| g |
y-gencatlg |
| 942 ## - ADDED ENTRY ELEMENTS (KOHA) |
| Source of classification or shelving scheme |
|
| Item type |
Books |